000 00272nam a2200085Ia 4500
008 220120s9999||||xx |||||||||||||| ||und||
100 _aParimala, C and Sushma, V.D
_912191
245 0 _aUSB Host aideo video controller
260 _aCoorg Institute of Technology
_bPonnampet
_c2009
999 _c137777
_d137777